Ultimate Border Challenge By Letter - C - Statistics

General Stats
  • This quiz has been taken 128 times
    102 since last reset
  • The average score is 55 of 60
Answer Stats
Hint Answer % Correct
Chile Argentina
100%
China Russia
100%
Cambodia Laos
99%
China Laos
99%
China North Korea
99%
Canada United States
99%
Cambodia Vietnam
99%
China Vietnam
99%
Chile Bolivia
97%
Central African Republic D.R.Congo
97%
China India
97%
Cambodia Thailand
97%
Colombia Ecuador
96%
China Nepal
96%
Chad Niger
96%
Cameroon Nigeria
96%
Chad Nigeria
96%
Chile Peru
96%
Colombia Peru
96%
Cameroon Rep. of the Congo
96%
Central African Republic Rep. of the Congo
96%
Colombia Panama
94%
Costa Rica Panama
94%
Colombia Venezuela
94%
China Bhutan
93%
China Mongolia
93%
Croatia Serbia
93%
Croatia Bosnia and Herzegovina
91%
Colombia Brazil
91%
Czech Republic Germany
91%
Chad Libya
91%
Costa Rica Nicaragua
90%
Czech Republic Slovakia
90%
Croatia Slovenia
90%
China Afghanistan
89%
Czech Republic Austria
89%
Cameroon Central African Republic
89%
Chad Central African Republic
89%
Cameroon Chad
89%
Central African Republic Chad
89%
Cameroon Gabon
89%
Cote d'Ivoire Ghana
89%
Central African Republic South Sudan
89%
Central African Republic Sudan
89%
Chad Sudan
89%
Cote d'Ivoire Burkina Faso
87%
China Myanmar
87%
China Pakistan
87%
China Kazakhstan
86%
Cote d'Ivoire Mali
86%
China Kyrgyzstan
84%
Croatia Montenegro
84%
Czech Republic Poland
84%
Croatia Hungary
83%
China Tajikistan
83%
Cameroon Equatorial Guinea
80%
Cote d'Ivoire Guinea
80%
Cote d'Ivoire Liberia
80%
Central African Republic Cameroon
77%
Chad Cameroon
77%
No matching quizzes found
Score Distribution
Percent of People with Each Score
Percentile by Number Answered
Your Score History
You have not taken this quiz since the last reset